| 000 | 00346nab a22001097u 4500 | ||
|---|---|---|---|
| 008 | 130520b1977 xxu||||| |||| 00| 0 eng d | ||
| 041 | _aeng | ||
| 100 | 1 |
_aKelley, Matthew J. _950603 |
|
| 245 | 0 | 0 |
_aAgency in Aquinas _cMatthew J. Kelley |
| 773 | 0 |
_tLaval Théologique et Philosophique _gV.33, nº1,1977,págs. 33-38 _x0023-9054 _wRev251 |
|
| 942 | _cAR | ||
| 999 |
_c304057 _d304057 |
||